Things that begin with A - Statistics

General Stats
  • This quiz has been taken 374 times
  • The average score is 11 of 15
Answer Stats
Hint Answer % Correct
Similar to a crocodile Alligator
99%
Red fruit Apple
98%
Word for female actor Actress
95%
Largest continent Asia
95%
Synonym for plus Add
92%
Hitler's firstname Adolf
92%
Ocean that separates Europe and the Americas Atlantic
89%
Four letter car brand Audi
88%
Type of angle between 0-90 degrees Acute
78%
Ancient empire located in modern day Mexico Aztec Empire
74%
Language mainly spoken in southern Africa Afrikaans
63%
Capital of Türkiye Ankara
62%
German sports company Adidas
59%
Nicknamed 'The graveyard of empires' Afghanistan
33%
Australian football AFL
16%
No matching quizzes found
Score Distribution
Percent of People with Each Score
Percentile by Number Answered
Your Score History
You have not taken this quiz